Arahan Perbendaharaan (Hingga 15hb Mac 1992)

Bibliographic Details
Format: Book
Published: Kuala Lumpur : Internasional Law Book Services , 1992
Subjects:

MARC

LEADER 00000cam a2200000 7i4500
001 0000012931
005 20050625.0
020 |a 9678904721 
040 |a INS 
090 0 0 |a JQ710.A6   |b A659 1992 
245 1 0 |a Arahan Perbendaharaan (Hingga 15hb Mac 1992) 
260 |a Kuala Lumpur :   |b Internasional Law Book Services ,   |c 1992 
300 |a ip :   |b 133p ;   |c 24 cm. 
650 0 0 |a Finance   |x Public   |y Law and legislation   |z Malaysia 
999 |a 0000005265   |b BOOK   |c Open Shelf   |e Default branch